| 000 -LEADER |
| fixed length control field |
00863pab a2200157 454500 |
| 008 - FIXED-LENGTH DATA ELEMENTS--GENERAL INFORMATION |
| fixed length control field |
180718b2004 xxu||||| |||| 00| 0 eng d |
| 100 ## - MAIN ENTRY--PERSONAL NAME |
| Personal name |
Nigam, Aditya |
| 245 ## - TITLE STATEMENT |
| Title |
Imagining the global nation: time and hegemony |
| 260 ## - PUBLICATION, DISTRIBUTION, ETC. |
| Date of publication, distribution, etc. |
2004 |
| 300 ## - PHYSICAL DESCRIPTION |
| Extent |
p.72-79. |
| 362 ## - DATES OF PUBLICATION AND/OR SEQUENTIAL DESIGNATION |
| Dates of publication and/or sequential designation |
3 Jan |
| 520 ## - SUMMARY, ETC. |
| Summary, etc. |
India's entry into the global arena opens up immense imaginative possibilities for the new elite imagination of a deterritorialised global nation, which is in turn is predicated upon a fuller incorporation into the global economy. This incorporation leads to a rapid disjunction of temporal experience with the nation-space in such a way that it breaks irrevocably with the nation-building framework and in the process unhinges the everyday popular from nation-time. - Reproduced. |
| 650 ## - SUBJECT ADDED ENTRY--TOPICAL TERM |
| Topical term or geographic name entry element |
Globalization |
| 773 ## - HOST ITEM ENTRY |
| Main entry heading |
Economic and Political Weekly |
| 909 ## - |
| -- |
59128 |